000 01086nam a2200265Ia 4500
001 18148
003 GE_BSU
008 181216s||||||||xx |||||||||||||| ||und||
020 _a978-99940-945-1-6
040 _cGE_BSU
080 _a811.353.1'367.625
100 _aფეიქრიშვილი, ჟუჟუნა
245 _aმესამე სერიის მწკრივები ახალ სალიტერატურო ქართულში
245 _cრედ. ივ. ქავთარაძე
260 _aთბილისი
260 _bგამ-ბა " ჯანსუღ ღვინჯილია
260 _c2007
300 _a167 გვ. ; 20 სმ.
300 _cბიბლიოგრ.: გვ. 159-164.
520 _aშენიშვნ.: გვ. 134-152
541 _h8ლ.
653 _aზმნა ქართულ ენაში
653 _aმესამე სერიის მწკრივები ახალ სალიტერატურო ქართულში
942 _cBK
999 _c51189
_d51189